|
|
|
|
| LEADER |
00594nam a22001337a 4500 |
| 008 |
131227b xxu||||| |||| 00| 0 eng d |
| 020 |
|
|
|a 0195080076
|
| 050 |
|
|
|a 621.3678
|
| 100 |
|
|
|a Goodchild Michael F
|
| 245 |
|
|
|a Environmental modeling with GIS
|c Bradley O Parks & Louis T Steyaert
|
| 260 |
|
|
|a New York
|b Oxford University Press
|c 1993
|
| 999 |
|
|
|c 25200
|d 25200
|
| 952 |
|
|
|0 0
|1 0
|4 0
|6 621_367800000000000_GOO
|7 0
|9 27656
|a ES
|b ES
|d 2013-12-27
|l 0
|o 621.3678 GOO
|p ES404
|r 2013-12-27
|w 2013-12-27
|y REF
|
| 952 |
|
|
|0 0
|1 0
|4 0
|6 628_000000000000000_ENV
|7 0
|9 256852
|a DFS
|b DFS
|d 2019-12-18
|l 0
|o 628 ENV
|p DFS951
|r 2019-12-18
|w 2019-12-18
|